000 00944nam a2200265 a 4500
001 BRL_953
005 20190320210953.0
008 281013s1981----nyua######---#000-0#eng-#
041 _aeng
044 _anyu
050 4 _aF1545.3.A7
_b.B48 1981
245 1 0 _aBetween continents/between seas
_bPrecolumbian art of Costa Rica
_ctext by Suzanne Abel-Vidor...[et al.] ; photographs by Dirk Bakker.
260 _aNew York
_bHarry N. Abrams
_c1981
300 _a240 p.
_bil., láminas
_c28 cm.
500 _aAu1016
504 _aBibliografía: p. 229-240.
650 1 4 _aArte indígena
_vExposiciones
_zCosta Rica
_925430
650 1 4 _aIndígenas de América Central
_vExposiciones
_xAntigüedades
_zCosta Rica
_925431
650 1 4 _aArte precolombino
_zCosta Rica
_925432
651 4 _aCosta Rica
_vExposiciones
_xAntigüedades
_925433
700 1 _aAbel-Vidor, Suzanne
_925434
700 1 _aBakker, Dirk
_eil.
_925435
902 _aGRL
942 _2lcc
_cB
999 _c9765
_d9765